000 01944cam a22004097i 4500
001 1303637447
003 SIRSI
005 20240613120410.0
008 220315t20212021nyua j 000 1 eng d
020 _a9781338768077
_q(paperback)
020 _a1338768077
_q(paperback)
040 _aUUC
_beng
_cUUC
_dOCLCO
_dOCLCF
_dOCLCQ
092 _aPBJ
_bPOKEMON
100 1 _aJohnson, Jennifer L.,
_eauthor.
245 1 0 _aPsyduck ducks out / adapted by Jennifer Johnson ;
_bThundershock in Pummelo stadium / adapted by Tracy West.
246 3 0 _aThundershock in Pummelo stadium / adapted by Tracy West.
260 _aNew York, NY :
_bScholastic Inc.,
_cc2021.
264 1 _aNew York, NY :
_bScholastic Inc.,
_c[2021]
264 4 _cc2021.
300 _a80, 81 pages :
_billustrations ;
_c19 cm.
336 _atext
_btxt
_2rdacontent.
336 _astill image
_bsti
_2rdacontent.
337 _aunmediated
_bn
_2rdamedia.
338 _avolume
_bnc
_2rdacarrier.
490 1 _aPokemon.
500 _aBased on the popular TV show.
500 _a2 books in one.
520 _a"Psy-bye-bye! When Psyduck evolves into Golduck, Misty is thrilled! Golduck is the fastest swimmer of all. Besides, training Psyduck was one big headache. Psyduck was totally clueless and clumsy, except when it got a headache. Then its attacks were unstoppable--especially against Team Rocket! But is Golduck about to give Misty a big surprise? Get the inside scoop on Misty and Psyduck from their first hypnotic encounter to their biggest battles ever."--Page 4 of cover.
520 _aDoes Ash have what it takes to be an Orange League champion?
650 0 _aPokemon (Fictitious characters)
_vJuvenile fiction.
650 0 _aAnimals, Mythical
_vJuvenile fiction.
650 0 _aFriendship
_vJuvenile fiction.
700 1 _aWest, Tracey,
_d1965-
_tThundershock in Pummelo stadium.
730 0 _aPok©♭mon (Television program)
830 0 _aPokemon.
942 _cBK
999 _c29872
_d29870